Frida Kahlo

Podrobná bibliografia
Hlavný autor: Bernard, Caroline, 1961- (Autor)
Ďalší autori: Krištofíčová, Kristína (prekladateľka) (Prekladateľ)
Médium: Kniha
Jazyk:slovenčina
nemčina
Fyzický popis:398 strán 20 cm
Vydavateľské údaje: Bratislava NOXI, s.r.o. 2023
ISBN:9788081116520
Predmet:

MARC

LEADER 00000nam a2200000 4500
001 vtls012253996
003 SK-MaSNL
005 20260301180128.0
008 250414s2023 xo grh 000 fbslo
015 |a SNBA2024/04 
020 |a 9788081116520  |q (brožované) 
040 |a SNK  |b slo  |c SNK  |e rda 
041 1 |a slo  |h ger 
044 |a xo  |c SK 
072 7 |a 821.112.2  |x Nemecká literatúra, nemecky písaná  |2 konspekt 
080 |a 75.071.1-055.2  |2 2011 
080 |a 821-312.6  |2 2011 
080 |a (0:82-312.6)  |2 2011 
080 |a 821.112.2-31  |2 2011 
100 1 |a Bernard, Caroline,  |d 1961-  |4 aut  |9 220011 
240 1 0 |a Frida Kahlo und die Farben des Lebens  |l Slovensky 
245 1 0 |a Frida Kahlo  |c Caroline Bernard ; z nemeckého originálu Frida Kahlo und die Farben des Lebens preložila Kristína Krištofičová 
246 3 4 |a Frida Kahlo a farby života 
264 1 |a Bratislava  |b NOXI, s.r.o.  |c 2023 
300 |a 398 strán  |c 20 cm 
336 |a text  |b txt  |2 rdacontent 
337 |a bez média  |b n  |2 rdamedia 
338 |a zväzok  |b nc  |2 rdacarrier 
500 |a Údaje o sérii z externého zdroja 
504 |a Obsahuje bibliografiu 
600 1 7 |a Kahlo, Frida,  |d 1907-1954  |2 SNKMA  |9 77921 
650 0 7 |a maliarky  |2 SNKPH  |9 93021 
650 0 7 |a Women painters  |2 SNKPHeng  |9 302571 
655 7 |a biografické romány  |2 SNKPH  |9 1532 
655 7 |a Biographical novels  |2 SNKPHeng  |9 278552 
655 7 |a nemecké romány  |2 SNKPH  |9 70433 
655 7 |a German fiction  |2 SNKPHeng  |9 278913 
700 1 |a Krištofíčová, Kristína  |c (prekladateľka)  |4 trl  |9 241327 
787 0 8 |i Zo série:  |t Významné ženy, ktoré menia svet 
852 |a Slovenská národná knižnica 
919 |a 978-80-8111-652-0 
954 |a UP 
954 |a LX 
954 |a DE 
954 |a NB 
954 |a BC 
999 |c 845166  |d 847096 
952 |a SNK  |b SNK  |y PREZ  |7 0  |p 17A1545137  |o snkSD 92391  |i snk2024/5389  |8 0  |0 0  |1 0  |4 0  |d 2024-04-04  |l 0  |r 2026-02-24 04:24:18  |w 2026-02-24 
952 |a SNK  |b SNKPULT  |y VYP  |7 0  |p 17A1545138  |o snkSD 92391 D1  |i snk2024/5390  |8 0  |0 0  |1 0  |4 0  |d 2024-04-04  |l 1  |q 2026-06-11  |r 2026-05-12 11:57:19  |s 2026-05-12  |w 2026-02-24